• 首页
  • 本馆介绍
  • 公告通知
  • 最新文献
  • 馆藏检索
  • 电子资源
  • 读者导购
  • 参考咨询
  • 我的图书馆
  • 登录
  • 详细信息显示
  • 放入我的书架
  • 预约/预借图书
  • 作者相关作品
  • 分类相关作品
  • 丛书相关作品
  • 出版社相关作品

书目信息

  • 表格格式
  • 工作单格式
  • 卡片格式
题名:
家兔常见病诊断图谱
    
 
作者: 王云峰 , 王翠兰 , 崔尚金 编著
分册:  
出版信息: 北京   中国农业出版社  2007
页数: 85页
开本: 19cm
丛书名: 建设社会主义新农村书系
单 册:
中图分类: S858.291
科图分类:
主题词: 兔病--常见病--诊疗--图谱 , 兔病 , 常见病
电子资源:
ISBN: 978-7-109-11451-7
000 01040oam2 2200301 45
005 20100303150616.04
010    @a978-7-109-11451-7@dCNY15.00
100    @a20100121e2007 em y0chiy0110 ea
101 0  @achi
102    @aCN@b110000
105    @aa z 000yy
106    @ar
200 1  @a家兔常见病诊断图谱@AJia Tu Chang Jian Bing Zhen Duan Tu Pu@f王云峰,王翠兰,崔尚金编著@FWang Yun Feng, Wang Cui Lan, Cui Shang Jin Bian Zhu
205    @a2版
210    @a北京@c中国农业出版社@c农村读物出版社@d2007
215    @a85页@c图@d19cm
225 2  @a建设社会主义新农村书系@i养殖业篇@h第二批
330    @a本书介绍了各种兔病的病因、症状、病理变化、诊断及防治要点。
461  0 @12001 @a建设社会主义新农村书系@i养殖业篇@h第二批
606 0  @a兔病@x常见病@x诊疗@j图谱
606 0  @a兔病
606 0  @a常见病
690    @aS858.291@v4
701  0 @a王云峰@AWang Yun Feng@4编著
701  0 @a王翠兰@AWang Cui Lan@4编著
701  0 @a崔尚金@ACui Shang Jin@4编著
801  0 @aCN@bTANGWEI@c20100303
905    @b0585219-22@dS858.291@e75=2@f4
    
    家兔常见病诊断图谱/王云峰,王翠兰,崔尚金编著.-2版.-北京:中国农业出版社:农村读物出版社,2007
    85页:图;19cm.-(建设社会主义新农村书系.养殖业篇.第二批)
    
    
    ISBN 978-7-109-11451-7:CNY15.00
    本书介绍了各种兔病的病因、症状、病理变化、诊断及防治要点。
●
相关链接 在E读中查询图书 在五车中查询图书 在当当中查询图书 在豆瓣中查询图书


正题名:家兔常见病诊断图谱     索取号:S858.291/75=2         预约/预借

序号 登录号 条形码 馆藏地/架位号 状态 备注
1 0585219   205852193   第二样本阅览室/ [索取号:S858.291/75=2] 在馆    
2 0585220   205852200   第三借阅区/ [索取号:S858.291/75=2] 在馆    
3 0585221   205852219   第三借阅区/ [索取号:S858.291/75=2] 在馆    
4 0585222   205852228   第三借阅区/ [索取号:S858.291/75=2] 在馆    
唐山师范学院图书馆 欢迎您!
大连网信软件有限公司© 版权所有